000 00398pab a2200157 454500
008 180718b1997 xxu||||| |||| 00| 0 eng d
100 _aMujumdar, N.A.
245 _aOverhauling the Somnolent rural credit system
260 _c1997
300 _ap.2707-710
362 _a18 Oct
650 _aCredit
650 _aAgricultural credit
773 _aEconomic and Political Weekly
909 _a36748
999 _c36748
_d36748